Mládeži o prestavbe
Uložené v:
| Médium: | Kniha |
|---|---|
| Jazyk: | Slovak |
| Vydavateľské údaje: |
Bratislava
Smena
1987
|
| Vydanie: | 2. vyd. |
| Edícia: | Zväzácka knižnica
|
| Tagy: |
Žiadne tagy, Buďte prvý, kto otaguje tento záznam!
|
MARC
| LEADER | 00000nam a2200000 4500 | ||
|---|---|---|---|
| 001 | c023081 | ||
| 005 | 20260326074603.5 | ||
| 041 | 0 | |a slo | |
| 044 | |a SK | ||
| 245 | 1 | 0 | |a Mládeži o prestavbe |c Michail Sergejevič Gorbačov |
| 250 | |a 2. vyd. | ||
| 264 | 1 | |a Bratislava |b Smena |c 1987 | |
| 300 | |a 219 s. | ||
| 490 | 1 | |a Zväzácka knižnica | |
| 830 | 0 | |a Zväzácka knižnica | |